000 00363pab a2200145 454500
008 180718b2000 xxu||||| |||| 00| 0 eng d
245 _aTHE ROLE of the United Nations 21st century
260 _c2000
300 _ap.14-16
362 _a22 Apr
650 _aUnited Nations - 21st century
650 _aUnited Nations
773 _aYoung Indian
909 _a44661
999 _c44661
_d44661